000 01084nam a22002537a 4500
005 20170809153152.0
010 _a1516EN07 ENG-114878
020 _a9780143424550
_c599.00
035 _aEN-98410
035 _aB-605993-005
035 _aB-664992
037 _adpl
_bBlueberry/Ven
037 _bDBAD/PUB
082 _a954.01
100 _aEraly, Abraham
245 _aThe last spring :
_cby Abraham Eraly
_blife in India's last golden age Part-II /
260 _bPenguin Books
_c2015
_aGurgaon
270 _a7th Floor, Infinity Tower C, DLF Cyber City
_bGurgaon
_e122002
300 _aPt.2(xvii, 420p.)
_c24cm(pbk)
500 _aIncludes bibliographical references and index
942 _2ddc
_cEN
_mERA
_h954.01
999 _c95879
_d95879